00437nam a22001337a 4500003000500000082000800005100002100013245007400034264003900108300002900147650003700176700003300213856005700246NUST a621 a Abbas, Muhammad aEffect of Shape Transformation on Energy Harvesting /cMuhammad Abbas aIslamabad : bSMME- NUST;c 2023.  a72p. ;bSoft Copyc30cm. aMS Mechanical Engineering  aSupervisor : Dr. Adnan Munir uhttp://10.250.8.41:8080/xmlui/handle/123456789/36343